FAO documentation current bibliography; 1995; N2

সংরক্ষণ করুন:
গ্রন্থ-পঞ্জীর বিবরন
প্রধান লেখক: FAO
বিন্যাস: গ্রন্থ
ভাষা:Undetermined
প্রকাশিত: Geneva FAO 1995
বিষয়গুলি:
ট্যাগগুলো: ট্যাগ যুক্ত করুন
কোনো ট্যাগ নেই, প্রথমজন হিসাবে ট্যাগ করুন!
Thư viện lưu trữ: Trung tâm Học liệu Trường Đại học Cần Thơ
LEADER 00496nam a2200181Ia 4500
001 CTU_29055
008 210402s9999 xx 000 0 und d
082 |a 016 
082 |b F218/1995/N2 
100 |a FAO 
245 0 |a FAO documentation current bibliography; 1995; N2 
245 0 |c FAO 
260 |a Geneva 
260 |b FAO 
260 |c 1995 
650 |a agriculture - bibliography 
904 |i Nguyễn Quang Điền, 990310 
980 |a Trung tâm Học liệu Trường Đại học Cần Thơ